[Event "British Chess Championships 2023: Major Open"]
[Site "The Venue, De Montfort University, 20 Western Boulevard, Leicester, LE2 7BU"]
[Date "2023.07.25"]
[Round "4"]
[Board "5"]
[White "Gopakumar, Siddharth"]
[Black "Farrand, Tom"]
[Result "1-0"]
[WhiteElo "1888"]
[BlackElo "2110"]
[PlyCount "0"]
[EventDate "2023.07.22"]
[EventRounds "9"]
[EventCountry "ENG"]

1. e4 {[%clk 1:26:53]} c5 {[%clk 1:30:52]} 2. Nf3 {[%clk 1:27:14]} e6 {[%clk
1:31:10]} 3. d4 {[%clk 1:27:40]} cxd4 {[%clk 1:31:33]} 4. Nxd4 {[%clk 1:28:06]}
Nf6 {[%clk 1:31:56]} 5. Nc3 {[%clk 1:28:27]} Nc6 {[%clk 1:32:14]} 6. Nxc6 {[%clk
1:28:47]} bxc6 {[%clk 1:32:34]} 7. e5 {[%clk 1:29:12]} Nd5 {[%clk 1:32:55]} 8.
Ne4 {[%clk 1:29:38]} Qc7 {[%clk 1:32:58]} 9. f4 {[%clk 1:28:36]} Qb6 {[%clk
1:31:57]} 10. c4 {[%clk 1:28:49]} Bb4+ {[%clk 1:19:11]} 11. Ke2 {[%clk 1:27:35]}
f5 {[%clk 1:06:59]} 12. Nf2 {[%clk 1:26:50]} Bc5 {[%clk 0:53:44]} 13. Nd3 {[%clk
1:20:03]} Ne3 {[%clk 0:39:26]} 14. Qb3 {[%clk 1:19:28]} Nxf1 {[%clk 0:38:05]} 15.
Qxb6 {[%clk 1:19:36]} axb6 {[%clk 0:35:34]} 16. Nxc5 {[%clk 1:17:42]} Nxh2 {[%clk
0:35:19]} 17. Nxe6 {[%clk 1:15:24]} dxe6 {[%clk 0:35:41]} 18. Rxh2 {[%clk
1:15:51]} Ba6 {[%clk 0:30:58]} 19. b3 {[%clk 1:15:39]} Rd8 {[%clk 0:29:21]} 20.
a4 {[%clk 1:13:40]} Kf7 {[%clk 0:28:12]} 21. Be3 {[%clk 1:12:48]} c5 {[%clk
0:28:20]} 22. Rhh1 {[%clk 1:11:39]} Bb7 {[%clk 0:27:37]} 23. a5 {[%clk 1:06:46]}
Bxg2 {[%clk 0:26:25]} 24. Rhg1 {[%clk 1:05:56]} Be4 {[%clk 0:21:05]} 25. axb6
{[%clk 1:03:49]} Rd7 {[%clk 0:21:04]} 26. Bxc5 {[%clk 0:45:47]} Bd3+ {[%clk
0:18:14]} 27. Ke3 {[%clk 0:45:16]} Bc2 {[%clk 0:18:28]} 28. b4 {[%clk 0:44:55]}
Bd3 {[%clk 0:06:05]} 29. Rgd1 {[%clk 0:43:57]} Rhd8 {[%clk 0:06:30]} 30. Ra7
{[%clk 0:44:11]}  1-0

[Event "British Chess Championships 2023: Major Open"]
[Site "The Venue, De Montfort University, 20 Western Boulevard, Leicester, LE2 7BU"]
[Date "2023.07.25"]
[Round "4"]
[Board "6"]
[White "Mikalajunas, Kajus"]
[Black "Clarke, Brandon Gi"]
[Result "0-1"]
[WhiteElo "1881"]
[BlackElo "2486"]
[PlyCount "0"]
[EventDate "2023.07.22"]
[EventRounds "9"]
[EventCountry "ENG"]

1. e4 {[%clk 1:30:57]} c5 {[%clk 1:30:59]} 2. c3 {[%clk 1:31:14]} d6 {[%clk
1:31:24]} 3. d4 {[%clk 1:31:33]} Nf6 {[%clk 1:31:51]} 4. Bd3 {[%clk 1:31:18]} g6
{[%clk 1:32:18]} 5. Ne2 {[%clk 1:29:17]} Bg7 {[%clk 1:31:16]} 6. O-O {[%clk
1:28:11]} O-O {[%clk 1:31:41]} 7. f3 {[%clk 1:26:54]} Nc6 {[%clk 1:31:43]} 8. Be3
{[%clk 1:26:56]} d5 {[%clk 1:27:30]} 9. e5 {[%clk 1:23:36]} Nd7 {[%clk 1:27:29]}
10. f4 {[%clk 1:19:59]} Qb6 {[%clk 1:13:02]} 11. Nd2 {[%clk 1:18:27]} Bh6 {[%clk
1:07:03]} 12. dxc5 {[%clk 1:15:50]} Qxb2 {[%clk 0:39:02]} 13. Nb3 {[%clk
1:03:23]} Ndxe5 {[%clk 0:33:21]} 14. Bc1 {[%clk 1:01:31]} Nxd3 {[%clk 0:33:38]}
15. Bxb2 {[%clk 1:00:44]} Nxb2 {[%clk 0:34:05]} 16. Qxd5 {[%clk 0:58:11]} Be6
{[%clk 0:28:46]} 17. Qf3 {[%clk 0:57:12]} Rad8 {[%clk 0:29:07]} 18. Ned4 {[%clk
0:55:40]} Bd5 {[%clk 0:29:18]} 19. Qe2 {[%clk 0:51:23]} Na4 {[%clk 0:27:47]} 20.
Qc2 {[%clk 0:45:15]} Bg7 {[%clk 0:25:16]} 21. Rad1 {[%clk 0:44:08]} Nxc3 {[%clk
0:20:58]} 22. Qxc3 {[%clk 0:42:01]} Bxb3 {[%clk 0:21:22]} 23. Qxb3 {[%clk
0:39:43]} Bxd4+ {[%clk 0:21:45]} 24. Kh1 {[%clk 0:34:59]} Bxc5 {[%clk 0:12:45]}
25. Qxb7 {[%clk 0:35:05]} Nd4 {[%clk 0:13:12]} 26. Rc1 {[%clk 0:31:00]} Bb6
{[%clk 0:13:05]} 27. Qxe7 {[%clk 0:28:22]} Rd5 {[%clk 0:10:20]} 28. Rcd1 {[%clk
0:26:35]} Ra5 {[%clk 0:10:07]} 29. Rd2 {[%clk 0:25:25]} Nf5 {[%clk 0:10:08]} 30.
Qf6 {[%clk 0:25:08]} Ne3 {[%clk 0:06:03]} 31. Rf3 {[%clk 0:22:44]} Rb5 {[%clk
0:04:54]} 32. h3 {[%clk 0:18:18]} Rb1+ {[%clk 0:03:47]} 33. Kh2 {[%clk 0:18:40]}
Nf1+ {[%clk 0:01:49]} 34. Rxf1 {[%clk 0:19:04]} Rxf1 {[%clk 0:02:48]} 35. Re2
{[%clk 0:16:41]} Bc7 {[%clk 0:01:20]} 36. g3 {[%clk 0:16:22]} Bd8 {[%clk
0:01:49]} 37. Qe5 {[%clk 0:14:13]} Bb6 {[%clk 0:02:12]} 38. Kg2 {[%clk 0:10:12]}
Rg1+ {[%clk 0:01:15]} 39. Kh2 {[%clk 0:10:22]} Rc1 {[%clk 0:01:30]} 40. Qf6
{[%clk 0:10:10]} Rfc8 {[%clk 0:00:58]} 41. f5 {[%clk 0:06:06]} R8c2 {[%clk
0:24:10]} 42. Qe5 {[%clk 0:32:34]} Bd4 {[%clk 0:23:00]} 43. Qe8+ {[%clk 0:31:42]}
Kg7 {[%clk 0:23:28]} 44. fxg6 {[%clk 0:31:16]} hxg6 {[%clk 0:23:39]} 45. h4
{[%clk 0:29:51]} Re1 {[%clk 0:23:40]} 46. Qxf7+ {[%clk 0:28:30]} Kxf7 {[%clk
0:24:07]} 47. Rxc2 {[%clk 0:28:51]} Re3 {[%clk 0:23:51]} 48. Rf2+ {[%clk
0:16:46]} Ke6 {[%clk 0:24:08]} 49. Rf4 {[%clk 0:11:42]} Be5 {[%clk 0:24:05]} 50.
Rg4 {[%clk 0:10:57]} Kf5 {[%clk 0:24:30]} 51. Rg5+ {[%clk 0:09:43]} Kf6 {[%clk
0:24:56]} 52. a4 {[%clk 0:09:15]} Re4 {[%clk 0:25:12]} 53. a5 {[%clk 0:09:40]}
Rxh4+ {[%clk 0:25:38]}  0-1

[Event "British Chess Championships 2023: Major Open"]
[Site "The Venue, De Montfort University, 20 Western Boulevard, Leicester, LE2 7BU"]
[Date "2023.07.25"]
[Round "4"]
[Board "7"]
[White "Verma, Aditya"]
[Black "Babu, Rahul"]
[Result "1-0"]
[WhiteElo "2138"]
[BlackElo "1846"]
[PlyCount "77"]
[EventDate "2023.07.22"]
[EventRounds "9"]
[EventCountry "ENG"]

1. e4 c5 2. Nf3 e6 3. d4 cxd4 4. Nxd4 Nc6 5. Nc3 Qc7 6. Be2 a6 7. O-O b5 8.
Nxc6 Qxc6 9. e5 Bb7 10. Bf3 Qc7 11. Re1 Ne7 12. Bf4 Rc8 13. Bxb7 Qxb7 14. Ne4
Nd5 15. Bg3 Be7 16. Bh4 f6 17. exf6 gxf6 18. Qh5+ Kd8 19. c3 Kc7 20. Bg3+ Kb6
21. a4 f5 22. Nd6 Bxd6 23. Bxd6 Rhg8 24. Qf3 Rc4 25. axb5 axb5 26. g3 Ra8 27.
Be5 Rca4 28. Rxa4 Rxa4 29. b3 Ra2 30. c4 Nb4 31. Qe3+ Ka6 32. Rd1 d5 33. Bc3
bxc4 34. Qxe6+ Qc6 35. Qe7 Nd3 36. Bd4 c3 37. Qa7+ Kb5 38. Qxa2 c2 39. Qa4#  1-0

[Event "British Chess Championships 2023: Major Open"]
[Site "The Venue, De Montfort University, 20 Western Boulevard, Leicester, LE2 7BU"]
[Date "2023.07.25"]
[Round "4"]
[Board "8"]
[White "Dougherty, Michael"]
[Black "Sivanandan, Bodhana"]
[Result "1-0"]
[WhiteElo "2110"]
[BlackElo "1834"]
[PlyCount "91"]
[EventDate "2023.07.22"]
[EventRounds "9"]
[EventCountry "ENG"]

1. e4 c6 2. c4 d5 3. exd5 cxd5 4. cxd5 Nf6 5. Nc3 g6 6. Qb3 Bg7 7. Nge2 O-O 8.
d4 Nbd7 9. Nf4 Nb6 10. Be2 a5 11. a4 Bf5 12. O-O Ne4 13. Be3 Nd6 14. Rac1 Rc8
15. Nb5 h6 16. Rxc8 Nbxc8 17. Rc1 Nxb5 18. axb5 b6 19. g4 Bd7 20. Nd3 Nd6 21.
Ne5 g5 22. Nc6 Qe8 23. Qc2 f5 24. gxf5 Bxf5 25. Bd3 Bxd3 26. Qxd3 Nf5 27. Qe4
Rf7 28. Qe6 Qf8 29. Ne5 Nd6 30. Rc7 Bf6 31. Rc6 Kg7 32. Nxf7 Qxf7 33. Qxf7+
Kxf7 34. Rxb6 Ke8 35. Rb8+ Kd7 36. b6 h5 37. Ra8 Nb7 38. Kf1 h4 39. Ke2 Nd6 40.
Kd3 g4 41. Bf4 h3 42. Bxd6 exd6 43. b7 Ke7 44. b8=Q Kf7 45. Qg8+ Ke7 46. Ra7#
 1-0

[Event "British Chess Championships 2023: Major Open"]
[Site "The Venue, De Montfort University, 20 Western Boulevard, Leicester, LE2 7BU"]
[Date "2023.07.25"]
[Round "4"]
[Board "9"]
[White "Salmons, Calum"]
[Black "Verbytski, Oleg"]
[Result "1-0"]
[WhiteElo "1977"]
[BlackElo "1795"]
[PlyCount "43"]
[EventDate "2023.07.22"]
[EventRounds "9"]
[EventCountry "ENG"]

1. d4 d5 2. Bf4 c5 3. e3 Qb6 4. Nc3 cxd4 5. Bb5+ Bd7 6. Nxd5 Qa5+ 7. b4 Qa3 8.
Qxd4 e6 9. Nc7+ Kd8 10. c3 Nf6 11. Nxa8 Nd5 12. Bxd7 Nxd7 13. Ne2 Qb2 14. Rd1
Be7 15. e4 Bf6 16. Qd3 Bxc3+ 17. Nxc3 Qxc3+ 18. Qxc3 Nxc3 19. Rd3 Nxe4 20. O-O
Ke7 21. f3 g5 22. Bc7  1-0

[Event "British Chess Championships 2023: Major Open"]
[Site "The Venue, De Montfort University, 20 Western Boulevard, Leicester, LE2 7BU"]
[Date "2023.07.25"]
[Round "4"]
[Board "10"]
[White "Subramanian, Anusha"]
[Black "Sanger, Jake M"]
[Result "0-1"]
[WhiteElo "1818"]
[BlackElo "1933"]
[PlyCount "110"]
[EventDate "2023.07.22"]
[EventRounds "9"]
[EventCountry "ENG"]

1. Nf3 c5 2. c4 Nc6 3. Nc3 g6 4. g3 Bg7 5. Bg2 Nf6 6. d4 cxd4 7. Nxd4 O-O 8.
O-O a6 9. e3 e6 10. b3 Qc7 11. Bb2 Rd8 12. Rc1 d6 13. Qe2 Ne7 14. Rfd1 Rb8 15.
b4 Bd7 16. Nb3 Bc6 17. e4 Qb6 18. a3 Be8 19. Kh1 h5 20. b5 Ng4 21. Kg1 axb5 22.
cxb5 Bxc3 23. Bxc3 Bxb5 24. Qd2 Ba4 25. Ba5 Qxb3 26. Bxd8 Rxd8 27. h3 Ne5 28.
Rb1 Nf3+ 29. Bxf3 Qxf3 30. Qa5 Bxd1 31. Qxd8+ Kg7 32. Qxd6 Bc2 33. Qd4+ Kh7 34.
Re1 Nc6 35. Qe3 Ne5 36. h4 Bd3 37. a4 b6 38. Qd4 f6 39. Qe3 Qxe3 40. Rxe3 Bc2
41. a5 bxa5 42. f4 Nc6 43. e5 fxe5 44. fxe5 Nd4 45. Kf2 a4 46. Rc3 Bb3 47. Ke3
Nc2+ 48. Kf4 Kh6 49. g4 hxg4 50. Rc8 a3 51. Rh8+ Kg7 52. Rb8 a2 53. Kg5 a1=Q
54. Rb7+ Kf8 55. Rb8+ Ke7  0-1

[Event "British Chess Championships 2023: Major Open"]
[Site "The Venue, De Montfort University, 20 Western Boulevard, Leicester, LE2 7BU"]
[Date "2023.07.25"]
[Round "4"]
[Board "11"]
[White "Dicen, Elis Denele"]
[Black "Mize, Dylan"]
[Result "1-0"]
[WhiteElo "1925"]
[BlackElo "1744"]
[PlyCount "51"]
[EventDate "2023.07.22"]
[EventRounds "9"]
[EventCountry "ENG"]

1. d4 Nf6 2. c4 e6 3. Nc3 Bb4 4. e3 Bxc3+ 5. bxc3 d6 6. Bd3 c5 7. Ne2 e5 8. f3
O-O 9. O-O Nc6 10. Rb1 b6 11. Bd2 Na5 12. Ng3 Ba6 13. Qe2 Re8 14. d5 g6 15. e4
Kg7 16. Rf2 Ng8 17. Rbf1 h6 18. f4 f6 19. f5 g5 20. Nh5+ Kf7 21. h4 Re7 22.
hxg5 hxg5 23. Bxg5 fxg5 24. f6 Rc7 25. Ng7 Nxf6 26. Ne6  1-0

[Event "British Chess Championships 2023: Major Open"]
[Site "The Venue, De Montfort University, 20 Western Boulevard, Leicester, LE2 7BU"]
[Date "2023.07.25"]
[Round "4"]
[Board "12"]
[White "Lee, Alexandre Km"]
[Black "Patel, Zain"]
[Result "1/2-1/2"]
[WhiteElo "1693"]
[BlackElo "1910"]
[PlyCount "129"]
[EventDate "2023.07.22"]
[EventRounds "9"]
[EventCountry "ENG"]

1. e4 e5 2. Nf3 Nc6 3. Bc4 Nf6 4. d4 exd4 5. O-O Nxe4 6. Re1 d5 7. Bxd5 Qxd5 8.
Nc3 Qh5 9. Nxe4 Be6 10. Neg5 O-O-O 11. Nxe6 fxe6 12. Ng5 Qxd1 13. Rxd1 Re8 14.
Bd2 Bc5 15. Re1 e5 16. Re4 Re7 17. Nf3 Rhe8 18. Ne1 Nb8 19. Nd3 Bd6 20. Bg5 Re6
21. Rae1 h6 22. Bh4 g5 23. Bg3 Nd7 24. f3 Nf6 25. R4e2 e4 26. fxe4 Bxg3 27.
hxg3 Rxe4 28. Rxe4 Rxe4 29. Rf1 Re6 30. Nc5 Rc6 31. Nb3 Rd6 32. Rd1 Ne4 33.
Rxd4 Nxg3 34. Rxd6 cxd6 35. Nd4 Ne4 36. Kf1 Kd7 37. Ke2 d5 38. Ke3 h5 39. c4
Nf6 40. cxd5 Nxd5+ 41. Ke4 Nf4 42. Kf5 Nxg2 43. Kxg5 h4 44. Kg4 a6 45. Kh3 Nf4+
46. Kxh4 Kd6 47. Kg3 Kd5 48. Nb3 Nd3 49. Kf3 Nxb2 50. Ke3 Na4 51. Kd2 b5 52.
Kc2 Kc4 53. a3 Nc5 54. Nd2+ Kd4 55. Nb1 Nd3 56. Kb3 a5 57. Nc3 Nc5+ 58. Kc2 b4
59. axb4 axb4 60. Nb1 Ne4 61. Kb3 Kc5 62. Na3 Nd2+ 63. Kb2 b3 64. Nb1 Nxb1 65.
Kxb3  1/2-1/2

[Event "British Chess Championships 2023: Major Open"]
[Site "The Venue, De Montfort University, 20 Western Boulevard, Leicester, LE2 7BU"]
[Date "2023.07.25"]
[Round "4"]
[Board "13"]
[White "Banerjee, Supratit"]
[Black "Bennett, Max"]
[Result "1-0"]
[WhiteElo "1895"]
[BlackElo "1583"]
[PlyCount "71"]
[EventDate "2023.07.22"]
[EventRounds "9"]
[EventCountry "ENG"]

1. e4 e6 2. d4 d5 3. exd5 exd5 4. Nf3 Nf6 5. Bd3 c5 6. c3 c4 7. Bc2 Bd6 8. O-O
O-O 9. Bg5 Nbd7 10. Nbd2 Qc7 11. Re1 Bf4 12. Bxf6 Nxf6 13. Ne5 Re8 14. Ndf3 Ng4
15. h3 Nh6 16. Qb1 g6 17. a4 Nf5 18. Ng4 Rxe1+ 19. Qxe1 Kg7 20. Ne3 Nxe3 21.
fxe3 Bg3 22. Qd2 Qb6 23. e4 Qxb2 24. Rb1 Qa2 25. exd5 h6 26. Rf1 Bd7 27. Bd1
Qxd2 28. Nxd2 b5 29. axb5 Bxb5 30. Ne4 Bc7 31. Nc5 Ba5 32. Rf3 Rc8 33. Nb7 Bd8
34. Nd6 Rc7 35. Nxb5 Rb7 36. Na3  1-0

[Event "British Chess Championships 2023: Major Open"]
[Site "The Venue, De Montfort University, 20 Western Boulevard, Leicester, LE2 7BU"]
[Date "2023.07.25"]
[Round "4"]
[Board "14"]
[White "Badacsonyi, Stanley"]
[Black "Wilkinson, Daniel"]
[Result "1/2-1/2"]
[WhiteElo "1976"]
[BlackElo "1712"]
[PlyCount "59"]
[EventDate "2023.07.22"]
[EventRounds "9"]
[EventCountry "ENG"]

1. d4 f5 2. Nc3 Nf6 3. Bg5 d5 4. Bxf6 exf6 5. e3 Be6 6. Bd3 Nc6 7. Nge2 Qd7 8.
Nf4 Bf7 9. a3 O-O-O 10. Qd2 Kb8 11. O-O-O g5 12. Nfe2 h5 13. h4 Ne7 14. Kb1 Ng6
15. g3 Bd6 16. Nb5 Be7 17. Qa5 a6 18. Nbc3 Be6 19. Na4 Qc6 20. Nc5 Bc8 21. Qc3
Ka7 22. b4 b6 23. Nb3 Qxc3 24. Nxc3 Be6 25. Be2 gxh4 26. gxh4 f4 27. Bd3 f5 28.
Rdg1 Rdg8 29. exf4 Nxf4 30. Re1  1/2-1/2

[Event "British Chess Championships 2023: Major Open"]
[Site "The Venue, De Montfort University, 20 Western Boulevard, Leicester, LE2 7BU"]
[Date "2023.07.25"]
[Round "4"]
[Board "15"]
[White "Gibson, Christopher A"]
[Black "Nelson, Jonathan P"]
[Result "0-1"]
[WhiteElo "1820"]
[BlackElo "2175"]
[PlyCount "76"]
[EventDate "2023.07.22"]
[EventRounds "9"]
[EventCountry "ENG"]

1. e4 e6 2. d4 d5 3. Nc3 Bb4 4. e5 c5 5. a3 Bxc3+ 6. bxc3 Ne7 7. Qg4 Qc7 8.
Qxg7 Rg8 9. Qxh7 cxd4 10. Ne2 Nbc6 11. f4 dxc3 12. Qd3 d4 13. Rb1 Bd7 14. Rg1
O-O-O 15. g4 Be8 16. Rg3 Nd5 17. Qh7 Rg6 18. g5 Nxe5 19. fxe5 Ba4 20. Nxd4
Qxe5+ 21. Ne2 Bxc2 22. Rb5 Qc7 23. Bg2 Ba4 24. Rxd5 exd5 25. Rxc3 Bc6 26. Bh3+
Kb8 27. Bf4 Rgd6 28. g6 d4 29. Nxd4 Ka8 30. Bxd6 Qxd6 31. g7 Qxd4 32. Rd3 Qg1+
33. Bf1 Re8+ 34. Kd2 Qf2+ 35. Kc3 Rc8 36. g8=Q Be8+ 37. Kb3 Qc2+ 38. Kb4 Qa4#
 0-1

[Event "British Chess Championships 2023: Major Open"]
[Site "The Venue, De Montfort University, 20 Western Boulevard, Leicester, LE2 7BU"]
[Date "2023.07.25"]
[Round "4"]
[Board "16"]
[White "Brown, Tom"]
[Black "Turner, Lewis A"]
[Result "1-0"]
[WhiteElo "1959"]
[BlackElo "1803"]
[PlyCount "89"]
[EventDate "2023.07.22"]
[EventRounds "9"]
[EventCountry "ENG"]

1. d4 Nf6 2. Nf3 g6 3. Nbd2 Bg7 4. e4 O-O 5. Bd3 d6 6. O-O Nc6 7. c3 e5 8. dxe5
Nxe5 9. Nxe5 dxe5 10. Nc4 Qe7 11. Qe2 Nh5 12. g3 Bh3 13. Rd1 Bd7 14. a4 a5 15.
b3 Rfd8 16. Ne3 Bc6 17. Ba3 Qg5 18. h4 Qf6 19. Ng4 Qe6 20. Bc4 Qe8 21. Qf3 Bd7
22. Ne3 Be6 23. Nd5 Bxd5 24. Bxd5 c6 25. Bc4 Bf8 26. Rxd8 Rxd8 27. Bc1 Rd6 28.
Be3 Be7 29. Rd1 Rxd1+ 30. Qxd1 Nf6 31. Qf3 Nd7 32. h5 Bc5 33. hxg6 hxg6 34.
Bxc5 Nxc5 35. Qf6 Kf8 36. Qh8+ Ke7 37. Qxe5+ Ne6 38. Bxe6 fxe6 39. Qg7+ Kd6 40.
Qxb7 Qh8 41. e5+ Kxe5 42. Qxc6 Qd8 43. Qc5+ Ke4 44. Qe3+ Kf5 45. Qf4#  1-0

[Event "British Chess Championships 2023: Major Open"]
[Site "The Venue, De Montfort University, 20 Western Boulevard, Leicester, LE2 7BU"]
[Date "2023.07.25"]
[Round "4"]
[Board "18"]
[White "Raju, Sooraj Menothuparambil"]
[Black "Macqueen, Andrew"]
[Result "1-0"]
[WhiteElo "1861"]
[BlackElo "1759"]
[PlyCount "69"]
[EventDate "2023.07.22"]
[EventRounds "9"]
[EventCountry "ENG"]

1. e4 c5 2. Nc3 g6 3. f4 Bg7 4. Nf3 Nc6 5. d3 d6 6. g3 Bg4 7. h3 Bxf3 8. Qxf3
e6 9. Bg2 Nge7 10. O-O O-O 11. g4 Nd4 12. Qf2 Qd7 13. Nd1 f5 14. c3 Ndc6 15.
exf5 exf5 16. g5 Rac8 17. Ne3 d5 18. Nc2 d4 19. c4 Rfe8 20. Bd2 b6 21. a3 a5
22. b4 Rb8 23. h4 axb4 24. axb4 Nd8 25. Na3 Nb7 26. Nb5 Nc6 27. Qf3 Nbd8 28.
bxc5 bxc5 29. h5 Rc8 30. Qd5+ Qxd5 31. Bxd5+ Kh8 32. Nd6 Re2 33. Rfe1 Rxe1+ 34.
Rxe1 Ne5 35. Nxc8  1-0

[Event "British Chess Championships 2023: Major Open"]
[Site "The Venue, De Montfort University, 20 Western Boulevard, Leicester, LE2 7BU"]
[Date "2023.07.25"]
[Round "4"]
[Board "19"]
[White "Bansal, Saahil"]
[Black "Honey, Luke"]
[Result "1/2-1/2"]
[WhiteElo "1846"]
[BlackElo "1730"]
[PlyCount "122"]
[EventDate "2023.07.22"]
[EventRounds "9"]
[EventCountry "ENG"]

1. Nf3 d5 2. g3 Nf6 3. Bg2 Bf5 4. O-O e6 5. d3 h6 6. Nbd2 Nbd7 7. Qe1 Bc5 8. a3
O-O 9. e4 dxe4 10. dxe4 Bh7 11. e5 Nd5 12. c4 N5b6 13. b4 Be7 14. Qe3 a5 15. b5
Nc5 16. Bb2 Qd3 17. Bd4 Qxe3 18. Bxe3 Rfd8 19. Bxc5 Bxc5 20. Nb3 Be7 21. c5 Nd5
22. a4 f6 23. Nfd4 Kf7 24. Bh3 Bf5 25. Nxf5 exf5 26. Rae1 fxe5 27. Rxe5 g6 28.
Bg2 Nc3 29. Bxb7 Ra7 30. Bc6 Bf6 31. Re3 g5 32. Rc1 Nxa4 33. b6 Nxb6 34. cxb6
cxb6 35. Ba4 Rd5 36. Na1 Kg7 37. Rb3 Rd2 38. Nc2 Rc7 39. Rxb6 Bd4 40. Rc6 Rxc6
41. Bxc6 Bb2 42. Re1 Rxc2 43. Bd7 Bd4 44. Rf1 Ra2 45. Bxf5 a4 46. g4 a3 47. Be6
Rd2 48. Kg2 a2 49. Bxa2 Rxa2 50. Kg3 Ra1 51. Rxa1 Bxa1 52. f4 Bc3 53. Kf3 Be1
54. Ke2 Bh4 55. Kf3 Kf6 56. Ke3 Ke6 57. Ke4 Be1 58. Kf3 Kd5 59. Ke2 gxf4 60.
Kxe1 Ke4 61. Kf2 f3  1/2-1/2

[Event "British Chess Championships 2023: Major Open"]
[Site "The Venue, De Montfort University, 20 Western Boulevard, Leicester, LE2 7BU"]
[Date "2023.07.25"]
[Round "4"]
[Board "20"]
[White "Whittington, Reece W"]
[Black "Freeman, Ashley"]
[Result "0-1"]
[WhiteElo "1624"]
[BlackElo "1846"]
[PlyCount "68"]
[EventDate "2023.07.22"]
[EventRounds "9"]
[EventCountry "ENG"]

1. d4 f5 2. c4 Nf6 3. Nc3 e6 4. g3 Be7 5. Bg2 O-O 6. Nf3 d6 7. O-O Ne4 8. d5
Nxc3 9. bxc3 e5 10. c5 Na6 11. Ba3 b6 12. c6 Bf6 13. Qb3 Qe8 14. Nd2 g5 15. Nc4
Qe7 16. Qc2 Rf7 17. e4 f4 18. f3 h5 19. Kf2 Qf8 20. Qe2 Be7 21. Ke1 Nc5 22.
Bxc5 bxc5 23. Na3 fxg3 24. hxg3 Rb8 25. Nb5 Rb6 26. Nxa7 Ba6 27. c4 Qb8 28. Nb5
Bxb5 29. cxb5 Rxb5 30. Qd3 Rb2 31. Bh3 Qb4+ 32. Kd1 g4 33. fxg4 Rxf1+ 34. Bxf1
Bg5  0-1

[Event "British Chess Championships 2023: Major Open"]
[Site "The Venue, De Montfort University, 20 Western Boulevard, Leicester, LE2 7BU"]
[Date "2023.07.25"]
[Round "4"]
[Board "21"]
[White "Mccarthy, Damian M"]
[Black "Pattni, Kishan"]
[Result "1/2-1/2"]
[WhiteElo "1838"]
[BlackElo "1593"]
[PlyCount "137"]
[EventDate "2023.07.22"]
[EventRounds "9"]
[EventCountry "ENG"]

1. e4 c6 2. d4 d5 3. Nd2 dxe4 4. Nxe4 Nf6 5. Nxf6+ exf6 6. c3 Bd6 7. Bd3 O-O 8.
Qc2 Re8+ 9. Ne2 h6 10. O-O Nd7 11. Be3 Qc7 12. h3 Nf8 13. c4 b6 14. Rad1 Ne6
15. Bf5 Nf4 16. Nxf4 Bxf4 17. Bxf4 Qxf4 18. Bxc8 Raxc8 19. Qd2 Qxd2 20. Rxd2
Kf8 21. f3 f5 22. Kf2 f4 23. Re1 Rxe1 24. Kxe1 b5 25. b3 bxc4 26. bxc4 Ke7 27.
Ke2 Kd6 28. Kd3 f5 29. Re2 Rb8 30. c5+ Kd7 31. Kc3 Rb1 32. Rb2 Rc1+ 33. Kd2 Rc4
34. Kd3 Ra4 35. Rb7+ Ke6 36. Rxg7 Rxa2 37. Rg6+ Kd7 38. Rd6+ Kc7 39. Rxh6 Rxg2
40. Rh7+ Kb8 41. Rh4 a5 42. Kc3 Rg3 43. Rxf4 Rxh3 44. Rxf5 Kb7 45. Rf6 Rh1 46.
Re6 Rc1+ 47. Kd2 Rh1 48. Re2 Rf1 49. Ke3 Ka6 50. Rb2 a4 51. f4 Re1+ 52. Kd3 Ka5
53. Kd2 Re4 54. Kc3 Rxf4 55. Kc4 Rf1 56. Rb8 Rc1+ 57. Kd3 a3 58. Ra8+ Kb4 59.
Rb8+ Ka4 60. Ra8+ Kb3 61. Rb8+ Ka2 62. Rb6 Ka1 63. Rxc6 a2 64. Ra6 Kb2 65. Rb6+
Ka3 66. Ra6+ Kb3 67. Rb6+ Ka3 68. Ra6+ Kb3 69. Rb6+  1/2-1/2

[Event "British Chess Championships 2023: Major Open"]
[Site "The Venue, De Montfort University, 20 Western Boulevard, Leicester, LE2 7BU"]
[Date "2023.07.25"]
[Round "4"]
[Board "22"]
[White "Lishoy Gengis Paratazham, Dildarav"]
[Black "Arora, Tashika"]
[Result "0-1"]
[WhiteElo "1618"]
[BlackElo "1836"]
[PlyCount "166"]
[EventDate "2023.07.22"]
[EventRounds "9"]
[EventCountry "ENG"]

1. e4 e5 2. Nf3 Nc6 3. Bc4 Nf6 4. d3 Bc5 5. O-O O-O 6. h3 h6 7. Re1 d6 8. c3
Re8 9. Nbd2 a6 10. Bb3 b5 11. Nf1 Be6 12. Be3 Bxe3 13. Nxe3 d5 14. exd5 Nxd5
15. Nxd5 Bxd5 16. Bxd5 Qxd5 17. d4 exd4 18. Rxe8+ Rxe8 19. cxd4 Rd8 20. Rc1
Nxd4 21. Qxd4 Qxd4 22. Nxd4 Rxd4 23. Rxc7 Rd1+ 24. Kh2 Rd2 25. Ra7 Rxb2 26.
Rxa6 Rxf2 27. Rb6 Rf5 28. Kg3 Kf8 29. Rb7 g6 30. Kh2 Kg7 31. Rb6 h5 32. h4 Rf2
33. Rxb5 Rxa2 34. Rb6 Re2 35. Kg3 Re6 36. Rb5 Kf6 37. Kf4 Ra6 38. Rb4 Ra2 39.
g4 hxg4 40. Kxg4 Ra5 41. Rb6+ Kg7 42. Rb7 Rf5 43. Rc7 Kh6 44. Rc1 Ra5 45. Rc7
f5+ 46. Kg3 Ra3+ 47. Kf2 Rh3 48. Rc4 Kh5 49. Rc8 Rxh4 50. Kg3 Kg5 51. Rc5 Ra4
52. Rc3 Rg4+ 53. Kh3 Rh4+ 54. Kg3 f4+ 55. Kg2 Kg4 56. Rc4 g5 57. Rb4 Rh3 58.
Ra4 Rb3 59. Ra2 Rg3+ 60. Kh2 Rh3+ 61. Kg2 f3+ 62. Kg1 Rh6 63. Ra4+ Kg3 64. Ra2
Rb6 65. Rg2+ Kf4 66. Ra2 g4 67. Ra4+ Kg3 68. Ra1 Rb2 69. Rc1 Rg2+ 70. Kf1 Rh2
71. Ke1 Rh1+ 72. Kd2 Rxc1 73. Kxc1 f2 74. Kb2 f1=Q 75. Kc3 Qd1 76. Kc4 Kf4 77.
Kc5 Ke5 78. Kc6 Qd5+ 79. Kc7 Qd6+ 80. Kb7 Kd5 81. Ka8 Qd7 82. Kb8 Kc6 83. Ka8
Qb7#  0-1

[Event "British Chess Championships 2023: Major Open"]
[Site "The Venue, De Montfort University, 20 Western Boulevard, Leicester, LE2 7BU"]
[Date "2023.07.25"]
[Round "4"]
[Board "23"]
[White "Rida, Ruqayyah"]
[Black "Dayal, Samar"]
[Result "1-0"]
[WhiteElo "1828"]
[BlackElo "1433"]
[PlyCount "93"]
[EventDate "2023.07.22"]
[EventRounds "9"]
[EventCountry "ENG"]

1. e4 c5 2. Nf3 d6 3. d4 cxd4 4. Nxd4 Nf6 5. Nc3 g6 6. Be3 Bg7 7. f3 O-O 8. Qd2
Nc6 9. O-O-O d5 10. Kb1 e6 11. h4 h5 12. Be2 Nxd4 13. Bxd4 dxe4 14. Bc5 Qxd2
15. Rxd2 Bh6 16. Rdd1 Re8 17. Bb5 exf3 18. gxf3 b6 19. Bxe8 Nxe8 20. Bd4 Bb7
21. Rhf1 Nd6 22. Bxb6 Nc4 23. Bd4 Nd2+ 24. Rxd2 Bxd2 25. Ne4 Bf4 26. Bf6 e5 27.
Rd1 Ba6 28. Re1 Re8 29. b3 Re6 30. Rd1 Re8 31. c4 Bc8 32. Kb2 Bh3 33. Rd5 Bg2
34. Rd3 Bf1 35. Rc3 Re6 36. c5 Rc6 37. b4 Kh7 38. a4 a6 39. Nd6 Bd2 40. Rb3 a5
41. b5 Rxc5 42. b6 Ba6 43. b7 Bxb7 44. Rxb7 Rc3 45. Nxf7 Rc5 46. Ng5+ Kh6 47.
Rh7#  1-0